Reading in the concept and measurement in income (Record no. 351557)

000 -LEADER
fixed length control field 00459cam a22001577a 4500
008 - FIXED-LENGTH DATA ELEMENTS--GENERAL INFORMATION
fixed length control field 180718b1986 xxu||||| |||| 00| 0 eng d
082 ## - DEWEY DECIMAL CLASSIFICATION NUMBER
Classification number T112 P228/86
245 ## - TITLE STATEMENT
Title Reading in the concept and measurement in income
Statement of responsibility, etc. edited by R.H. Parker, G.C. Harcourt and G. Whittington
250 ## - EDITION STATEMENT
Edition statement 2nd ed.
260 ## - PUBLICATION, DISTRIBUTION, ETC.
Place of publication, distribution, etc. Delhi
Name of publisher, distributor, etc. Haritage
Date of publication, distribution, etc. 1986
300 ## - PHYSICAL DESCRIPTION
Extent 371p.
650 ## - SUBJECT ADDED ENTRY--TOPICAL TERM
Topical term or geographic name entry element Income
700 ## - ADDED ENTRY--PERSONAL NAME
Personal name Whittington, G.
700 ## - ADDED ENTRY--PERSONAL NAME
Personal name Harcourt, G.C.
700 ## - ADDED ENTRY--PERSONAL NAME
Personal name Parker, R.H.
Holdings
Withdrawn status Lost status Damaged status Not for loan Permanent Location Current Location Date acquired Full call number Barcode Date last seen Price effective from Koha item type
        Indian Institute of Public Administration Indian Institute of Public Administration 1993-11-16 T112 P228/86 62117 2018-07-21 2018-07-21 Book

Powered by Koha